| 000 | 00618nam a2200229Ia 4500 | ||
|---|---|---|---|
| 003 | OSt | ||
| 005 | 20221007080049.0 | ||
| 006 | a|||||r|||| 00| 0 | ||
| 007 | ta | ||
| 008 | 221006b |||||||| |||| 00| 0 eng d | ||
| 024 | _a14,119 | ||
| 037 | _cTextual | ||
| 040 |
_aFLL _cFLL _beng |
||
| 041 |
_2eng _aeng |
||
| 082 | _aX:5.2N7, L5 | ||
| 100 |
_aJariwala C.M. _9310430 |
||
| 245 | 0 | _aFreedom of interstate trade in India | |
| 260 |
_aNew Delhi _bSterling Publishers (P) Ltd India _c1975 |
||
| 300 |
_a271p _ccm. |
||
| 942 |
_hX:5.2N7, L5 _cTEXL _2CC |
||
| 999 |
_c1158262 _d1158262 |
||